000 00390nam a2200133Ia 4500
003 GCL
008 140319s9999 xx 000 0 ara d
040 _aGCL /
_cGCL
082 0 4 _a811.6
_bا ص
245 1 0 _aالصورة الفنية فى شعر ابن دراج القسطلى الاندلسى
260 _a[S.N] :
_bمكتبة نهضة الشرق ،
_c1994
300 _a568 ص
490 _a
999 _c35590
_d35590